000 00870nam a2200253 a 4500
003 MX-MxUPN
005 20240611100325.0
008 991125s1909 mx r 000 0 spa u
035 _aUPN01000018901
040 _aMX-MxUPN
_bspa
_cMX-MxUPN
041 0 _aspa
050 1 4 _aQA135
_bB7.4
100 1 _aBruño, G. M.
_930581
245 1 0 _aElementos de aritmética con algunas nociones de álgebra
260 _aMéxico :
_bLibrería de la Vda. de C. Bouret,
_c1909.
300 _a399 páginas :
_bilustraciones
500 _a"A los cursos medio y superior"
650 4 _aÁlgebra
_xEstudio y enseñanza
_92073
650 4 _aAritmética
_xEstudio y enseñanza
_97853
650 4 _aÁlgebra
_vLibros de texto
_952306
650 4 _aAritmética
_vLibros de texto
_944734
710 2 _aMuseo Pedagógico Nacional (México)
_951335
_epropietario anterior
942 _2lcc
_cLIBRO
999 _c18901
_d18901